Derechos humanos, comunicación y luchas por la dignidad

Shranjeno v:
Bibliografske podrobnosti
Format: Knjiga
Jezik:Spanish
Izdano: Quito, Ecuador Ediciones CIESPAL 2018
Teme:
Oznake: Označite
Brez oznak, prvi označite!

MARC

LEADER 00000nam a22000007a 4500
008 180829b xxu||||| |||| 00| 0 spa d
040 |a cru BVZT 
090 |a 100 D-15.2d  
245 |a Derechos humanos, comunicación y luchas por la dignidad   |c Francisco Sierra Caballero, Vicente Barragán Robles, Javier moreno Gálvez, editores 
260 |a Quito, Ecuador  |b Ediciones CIESPAL  |c 2018 
300 |a 362 páginas 
650 |a FILOSOFÍA   |9 5 
650 |a DERECHOS HUMANOS 
650 |a COMUNICACIÓN  
650 |a LUCHAS POR LA DIGNIDAD  
650 |a DERECHOS HUMANOS EN EL MERCOSUR  
650 |a Colección: Ciencias Sociales y Políticas, Nº 3  
999 |c 30565  |d 30565 
942 |c LIB  |h 100 D-15.2d   |2 z